Inherited IRAs What Every Practitioner Must Know /

Detalles Bibliográficos
Autor principal: Goldberg, Seymour
Formato: eBook
Lenguaje:inglés
Publicado: Chicago: American Bar Association, 2016
Materias:
Acceso en línea:Acceso restringido

MARC

LEADER 00000nam a22000007a 4500
005 20210224222327.0
007 cr|||| ||||
008 210224s2016 us |||||s|||| 00||0 eng d
020 |a 9781634257350 
035 |a 31232 
040 |a vLex 
090 |c 11259  |d 11259 
100 1 |a Goldberg, Seymour 
245 1 0 |a Inherited IRAs  |h [Recurso electrn̤ico] :  |b What Every Practitioner Must Know /  |c Seymour Goldberg 
256 |a Servicio en ln̕ea 
260 |a Chicago:  |b American Bar Association,  |c 2016 
300 |a 1 recurso electrn̤ico 
500 |a This book instructs and informs lawyers representing estates on how best to handle the laws and compliance issues surrounding their clients’ investments. 
506 1 |a Disponible solo en los productos indicados  |d vLex Global  |d vLex Global (Academic Edition, excluding Law Schools)  |d vLex Global (Academic Edition, Law Schools) 
650 0 4 |a Derecho Fiscal  |z Estados Unidos 
650 0 4 |a Derechos Reales  |z Estados Unidos 
740 0 |a vLex Libros (Servicio en ln̕ea) 
856 4 0 |u http://vlex.com/source/inherited-iras-what-every-practitioner-must-know-31232  |z Acceso restringido 
942 |c BOOK 
999 0 |a Tax Law 
999 0 |a Real Rights